000 00851nmm a2200277 a 4500
001 ocm000965027
003 TR-IsHL
005 20201028150727.0
008 150110s2012 tu tur
007 cr cn
020 _a9789756865798
035 _a965027
_b(N$T)
050 0 4 _aPL248.G65
_bB88 2012
090 0 4 _aPL248.G65
_bB88 2012
100 1 _aGökçe, Enver
245 1 0 _aBütün şiirleri
_h[electronic resource] /
_cEnver Gökçe
250 _a3. basım
260 _aİstanbul :
_bEvrensel Basım Yayın,
_c2012
300 _a169 p.
650 4 _aDil ve Edebiyat
650 4 _aLanguage and Literature
650 0 _aTürk şiiri
650 0 _aTurkish poetry
650 7 _aLITERARY COLLECTIONS / Middle Eastern
_2bisacsh
856 4 0 _uhttp://search.ebscohost.com/login.aspx?direct=true&scope=site&db=e011xww&AN=965027
999 _c10629
_d10629